Концепция развития координатно-временных технологий для частотно-временного обеспечения; Наукоемкие технологии; № 4

Bibliographic Details
Parent link:Наукоемкие технологии: научно-технический журнал.— , 2001-
№ 4.— 2003.— С. 60-69
Other Authors: Реутов А. П., Геворкян А. Г., Охинченко А. П., Писарев С. Б.
Language:Russian
Published: 2003
Subjects:
Format: Book Chapter
KOHA link:https://koha.lib.tpu.ru/cgi-bin/koha/opac-detail.pl?biblionumber=388987

MARC

LEADER 00000naa2a2200000 4500
001 388987
005 20231101063819.0
035 |a (RuTPU)RU\TPU\prd\20763 
090 |a 388987 
100 |a 20031222a2003 k y0rusy50 ca 
101 0 |a rus 
102 |a RU 
200 1 |a Концепция развития координатно-временных технологий для частотно-временного обеспечения  |f А. П. Реутов, А. Г. Геворкян, А. П. Охинченко, С. Б. Писарев 
320 |a Библиогр.: 19 назв. 
461 1 |0 (RuTPU)RU\TPU\prd\1139  |t Наукоемкие технологии  |o  научно-технический журнал  |d 2001- 
463 1 |0 (RuTPU)RU\TPU\prd\16243  |t № 4  |v С. 60-69  |d 2003 
610 1 |a частотно-временные технологии 
610 1 |a концепции 
610 1 |a Система Единого Времени России 
610 1 |a спутниковые системы 
610 1 |a синхронизация 
675 |a 621.373.072  |v 3 
701 1 |a Реутов  |b А. П. 
701 1 |a Геворкян  |b А. Г. 
701 1 |a Охинченко  |b А. П. 
701 1 |a Писарев  |b С. Б. 
801 1 |a RU  |b 63413507  |c 20031222  |g PSBO 
942 |c BK